| 000 | 00630cab a2200253 4500 | ||
|---|---|---|---|
| 001 | X1403 | ||
| 008 | 090401t1994 xxu||||| |||| 00| 0 eng d | ||
| 035 | _a(Sirsi) u16857 | ||
| 041 | _aeng | ||
| 245 | _aRICS and CML cooperate on problems with valuation claims | ||
| 260 | _c1994 | ||
| 350 | _a0 | ||
| 490 |
_aCSM (Chartered Surveyor Monthly) _v3(7) April 1994, 4(1) |
||
| 650 | _aCML | ||
| 650 | _aLEWIS C. | ||
| 650 | _aPROCEDURE | ||
| 650 | _aRICS | ||
| 650 | _aVALUATION CLAIMS | ||
| 650 |
_aValuation _96273 |
||
| 650 | _aWORKING PARTY | ||
| 690 | _aRATING AND VALUATION | ||
| 942 | _n0 | ||
| 948 | _c04/03/1997 | ||
| 999 |
_c11159 _d11159 |
||